000 01316cam a2200301 a 4500
001 653254
005 20250505144645.0
008 940606s1994 enk b 001 0 eng
010 _a 94026208
020 _a074530771X
040 _aDLC
_cDLC
_dDLC
043 _ae-uk---
_an-us---
050 0 0 _aKD737
_b.G57 1994
082 0 0 _a342.73087
_bGOO
100 1 _aGooding, Caroline,
_d1959-2014.
_9128838
245 1 0 _aDisabling laws, enabling acts :
_bdisability rights in Britain and America /
_cCaroline Gooding.
260 _aLondon ;
_aBoulder, Colo. :
_bPluto Press,
_c1994.
300 _axix, 219 p. ;
_c23 cm.
440 0 _aLaw and social theory,
_x1351-5020
_9128839
504 _aIncludes bibliographical references (p. 199-210) and index.
650 0 _aDiscrimination against people with disabilities
_xLaw and legislation
_zGreat Britain.
_9128840
650 0 _aPeople with disabilities
_xLegal status, laws, etc.
_zGreat Britain.
_9128841
650 0 _aDiscrimination against people with disabilities
_xLaw and legislation
_zUnited States.
_9128842
650 0 _aPeople with disabilities
_xLegal status, laws, etc.
_zUnited States.
_9128843
906 _a7
_bcbc
_corignew
_d1
_eocip
_f19
_gy-gencatlg
942 _2ddc
_cBK
999 _c613664
_d613664